000 00492ntaaa2200193 4500
003 01
005 20251027202021.0
008 0714s1973 ag 01
040 _aAR-BaBN
_bspa
_cAR-BaBN
_eaacr
_dRIC
082 _a248.4200 M34
100 _aMarotta, Orestes
_94631
245 _aRelaciones cristianas
250 _a1 ed.
260 _aEl Paso :
_bCasa Bautista de Publicaciones,
_c1965
300 _a91 p
650 _avida cristiana
650 _arelaciones públicas
_918358
942 _cBK
999 _c14938
_d14938